Transfery Lecha w letnim okienku transferowym 2020/2021. - Statystyki

Ogólne statystyki
  • Ten quiz został rozwiązany 44 razy
  • Średni wynik to 7 z 9
Statystyki odpowiedzi
Cena Pozycja Poprzedni klub Piłkarz % Poprawnych
Za darmo Środkowy napastnik Nurnberg Ishak
98%
Za darmo Prawy obrońca Zagłębie Lubin Czerwiński
90%
Za darmo Bramkarz Heerenveen Bednarek
85%
700 tys Lewy napastnik Slavia Praga Sykora
85%
Wypożyczenie Prawy obrońca Szachtar Donieck Butko
80%
Wypożyczenie Bramkarz NK Osijek Malenica
73%
Wypożyczenie Lewy obrońca Leganes Kravets
66%
Wypożyczenie Środkowy napastnik Maccabi Haifa Awwad
61%
Wypożyczenie Środkowy napastnik Anorthosis Kacharava
56%
Nie znaleziono quizów pasujących do podanych kryteriów
Rozkład punktacji
Procent ludzi z każdym wynikiem
Percentyl według liczby udzielonych odpowiedzi
Twoja historia wyników
Nie rozwiązałeś tego quizu